000 00872cam a2200241 4500
008 090401t1994 xxu||||| |||| 00| 0 eng d
020 _a0750617284
035 _a(Sirsi) u38497
041 _aeng
050 _a346.41032
100 _aLord-Smith, Peter J.
245 _aAvoiding claims in building contracts.
260 _aOxford
_bButterworth-Heinemann
_c1994
300 _axviii,181p. ; 24cm.
350 _a25
490 _aButterworths Architecture Legal Series
520 _aPractical guide on how to avoid and deal with building contract disputes, which looks at the problems from the point of view of various participants including architects and quantity surveyors.
650 _aBUILT ENVIRONMENT-BUILDING CONTRACT FORMS
650 _aQUANTITY SURVEYORS
690 _aBUILT ENVIRONMENT-BUILDING CONTRACT FORMS
942 _n0
948 _c04/03/1997
999 _c90653
_d90653